| 000 | 00496nam a22001697a 4500 | ||
|---|---|---|---|
| 999 |
_c6477 _d6477 |
||
| 003 | GBCCL | ||
| 005 | 20241126110604.0 | ||
| 008 | 180515b ||||| |||| 00| 0 eng d | ||
| 040 | _cgbc | ||
| 082 |
_a220.076 _bKON |
||
| 100 |
_aKonyak, P. Eyong _911595 |
||
| 245 |
_aThe Bible general knowledge and quiz: _bShort questions and answers / _cP. Eyong Konyak |
||
| 260 |
_aNagaland: _bAuthor, _c2005 |
||
| 300 |
_a208 p.; _c20 cm. |
||
| 650 |
_aBible _xQuestions and answers _911005 |
||
| 942 |
_2ddc _cBK _02 |
||